Reflective practice in educational research : developing advanced skills /

Bibliographic Details
Main Author: Evans, Linda, 1954-
Format: Book
Language:English
Published: New York : London : Continuum, 2002.
Subjects:

MARC

Tag First Indicator Second Indicator Subfields
LEADER 00000pam a2200000 a 4500
001 in00001702049
005 20151024173732.0
008 020617s2002 enka 001 0 eng
015 |a GBA2-X2026 
020 |a 0826453643 
020 |a 0826453635 (PBK.)  |c £18.99 
035 |a (OCoLC)ocm49832880 
040 |a UKM  |c UKM  |d UtOrBLW 
049 |a TXAM 
082 0 4 |a 370.72  |2 21 
090 |a LB1028.25.G7  |b E92 2002 
100 1 |a Evans, Linda,  |d 1954- 
245 1 0 |a Reflective practice in educational research :  |b developing advanced skills /  |c Linda Evans. 
264 1 |a New York :  |a London :  |b Continuum,  |c 2002. 
300 |a xi, 243 pages :  |b illustrations ;  |c 22 cm. 
336 |a text  |b txt  |2 rdacontent 
337 |a unmediated  |b n  |2 rdamedia 
338 |a volume  |b nc  |2 rdacarrier 
504 |a Includes bibliographical references and index. 
650 0 |a Education  |x Research. 
948 |a cataloged  |b h  |c 2003/2/26  |d c  |e ceaton  |f 10:35:43 am 
994 |a E0  |b TXA 
999 |a MARS 
999 f f |s 3f7841a2-bc05-3abe-9e6e-fb133f28fd92  |i 241a4df6-835e-3975-8e27-449a8a47cf2a  |t 0 
952 f f |p normal  |a Texas A&M University  |b College Station  |c Sterling C. Evans Library  |d Evans: Library Stacks  |t 0  |e LB1028.25.G7 E92 2002  |h Library of Congress classification  |i unmediated -- volume  |m A14829820513 
998 f f |a LB1028.25.G7 E92 2002  |t 0  |l Evans: Library Stacks